O espelho do mar seguido de um registro pessoal / (Record no. 167)

MARC details
000 -LÍDER
campo de controle de tamanho fixo 01125nam a2200289 4500
001 - NÚMERO DE CONTROLE
campo de controle 167
003 - IDENTIFICADOR DO NÚMERO DE CONTROLE
campo de controle OSt
005 - DATA E HORÁRIO DA ÚLTIMA TRANSAÇÃO
campo de controle 20250207104551.0
008 - CAMPO DE DADOS FIXOS--INFORMAÇÃO GERAL
campo de controle de tamanho fixo 250130b |||||||e |||| 00| 0 eng d
020 ## - ISBN - INTERNATIONAL STANDARD BOOK NUMBER
ISBN - International Standard Book Number 857321094X
040 ## - FONTE DA CATALOGAÇÃO
Idioma da catalogação por
041 ## - CÓDIGO DE IDIOMA
Código do idioma do original e/ou traduções intermediárias do texto eng
Código do idioma do texto/trilha sonora ou título diferente por
082 ## - CDD - CLASSIFICAÇÃO DECIMAL DE DEWEY
Número de Classificação 920
Número do exemplar C754e
100 1# - ENTRADA PRINCIPAL--NOME PESSOAL
Nome pessoal Conrad, Joseph,
Datas associadas ao nome 1857-1924
9 (RLIN) 315
240 ## - TÍTULO UNIFORME
Título uniforme The mirror of the sea & A personal record
245 ## - TÍTULO
Título O espelho do mar seguido de um registro pessoal /
Indicação de responsabilidade, etc. Conrad, Joseph ; Tradução e Celso M. Parciornik
260 ## - PUBLICAÇÃO, DISTRIBUIÇÃO, ETC.
Local de publicação, distribuição, etc. São Paulo
Nome do editor, distribuidor, etc. Iluminuras
Data da publicação, distribuição, etc. 2002
300 ## - DESCRIÇÃO FÍSICA
Extensão 284 p.
520 ## - NOTA DE RESUMO, ETC.
Resumo, etc. "Ninguém viveu mais intensamente que Conrad, nem ninguém soube realizar uma transformação tão consciente e paciente de sua vida em arte."<br/>Andre Gide<br/><br/>"A piedade me impulsionou a traduzir em palavras, escolhidas com muito cuidado, memórias de coisas longínquas e de gente que de fato existiu."<br/>
650 #0 - ASSUNTO--TERMO TÓPICO
Cabeçalho tópico ou nome geográfico Literatura Inglesa
9 (RLIN) 89
650 #0 - ASSUNTO--TERMO TÓPICO
Cabeçalho tópico ou nome geográfico Experiência de vida
9 (RLIN) 188
650 #0 - ASSUNTO--TERMO TÓPICO
Cabeçalho tópico ou nome geográfico Histórico
9 (RLIN) 53
650 #0 - ASSUNTO--TERMO TÓPICO
Cabeçalho tópico ou nome geográfico Viagens
9 (RLIN) 189
655 #0 - TERMO DE ÍNDICE--GÊNERO E FORMA
Gênero/forma/ou termo foco Biografia
700 ## - ENTRADA ADICIONADA - NOME PESSOAL
Nome pessoal Celso M. Paciornik
Função do autor por extenso Tradutor
9 (RLIN) 317
942 ## - ELEMENTOS DE ENTRADA ADICIONADOS (KOHA)
Fonte de classificação ou esquema de arquivamento Classificação decimal de Dewey
Ocultar no OPAC Não
Tipo de material Koha Livros
Holdings
Situação do descarte Situação das perdas Fonte de classificação ou esquema de arquivamento Status danificado Não pode ser emprestado Coleção Biblioteca de origem Biblioteca atual Localização na estante Data de aquisição Fonte de aquisição Total de empréstimos Número de chamada completo Código de barras Data de último acesso Data do preço efetivo Tipo de material Koha
    Classificação decimal de Dewey     Biografia Biblioteca Professor Eduardo Afonso de Castro Biblioteca Professor Eduardo Afonso de Castro Literatura Estrangeira 26.08.2002 doação   920 / C754e 2025-0321 30.01.2025 30.01.2025 Livros

Powered by Koha